| 000 | 00446nam a22001337a 4500 | ||
|---|---|---|---|
| 082 | _aMS-CSE-2 QUR | ||
| 100 |
_aQuratulain Shafi _9106923 |
||
| 245 | _aInterference analysis in cooperative linear multi-hop networks subject to multiple flows | ||
| 260 |
_aIslamabad _bNUST university _c2013 |
||
| 300 |
_a36p. : _eCD-Rom |
||
| 500 | _aSupervisor: Dr. Adeel Baig | ||
| 856 | _uhttp://10.250.8.41:8080/xmlui/handle/123456789/32223 | ||
| 942 |
_cPR _2ddc |
||
| 999 |
_c12260 _d12260 |
||